00720 2200217 4500001002100000005001700021008004100038020002200079035002400101082001100125090002100136111004800157245012600205250001000331260003200341300002400373650004500397990002000442990002000462990002000482YOGYA-0311000000025120110317130919.0 ind  a978-602-8004-51-0 0010-031100000000251 a304.82 a304.82bInd UlR aINDONESIA [ Undang-unadang, peraturan, dsb] aUndang-undang R.I nomor 37 tahun 2009 tentang keimigrasian & perpu nomor 2 tahun 2009 tentang penyelenggaraan ibadah haju acet.1 aBandungbCitra Umbarac2010 aiii, 201 hlmc20 cm aImigrasi - Undang-undang, peraturan, dsb a49725 - PD/B.10 a49726 - PD/B.10 a49727 - PD/B.10